00614nam a22001937a 450000500170000001000330001702000260005003500130007603500130008903700210010203700130012308200150013610000230015124500540017426000390022827000770026730000260034450000500037020150730111823.0 aB-464454 ENG-113278 a9788132106937c750.00 aB-464454 aEN-96810 adplbK.K.Pub/Ven bDBAD/PUB a333.750954 aTucker, Richard P. aA forest history of India /cby Richard P. Tucker aNew DelhibSage Publicationsc2011 aB1/1-1 Mohan Cooperative Industrial Area Mathura RoadbNew Delhie110044 axviii,249p.c23cm(Hb) aIncludes bibliographical references and index